The Caretaker - Everywhere at the end of time: All track names - Statistics

General Stats
  • This quiz has been taken 9 times
  • The average score is 27 of 50
Answer Stats
Track Track name % Correct
A1 It's just a burning memory
88%
B6 My heart will stop in joy
88%
A2 We don't have many days
88%
E2 And heart breaks
75%
A3 Late afternoon drifting
75%
C3 What does it matter how my heart breaks
75%
B1 All that follows is true
63%
B2 An Autumnal equinox
63%
F6 An empty bliss beyond this world
63%
E1 Back there Benjamin
63%
A4 Childishly fresh eyes
63%
F2 Drifting time misplaced
63%
F1 Gradations of arm's length
63%
E3 Hidden sea buried deep
63%
F7 Libet delay
63%
C2 Misplaced in time
63%
F8 Mournful camaraderie
63%
B3 Quiet internal rebellions
63%
A5 Slightly bewildered
63%
G1 Stage 4 Post awareness confusions
63%
H1 Stage 4 Post awareness confusions
63%
J1 Stage 4 Post awareness confusions
63%
I1 Stage 4 Temporary bliss state
63%
C1 A losing battle is raging
50%
F4 Burning despair does ache
50%
D4 Denial unravelling
50%
F3 Internal bewildered world
50%
D1 I still feel as though I am me
50%
D3 Last moments of pure recall
50%
E4 Libet's all joyful camaraderie
50%
K1 Stage 5 Advanced plaque entanglements
50%
L1 Stage 5 Advanced plaque entanglements
50%
N1 Stage 5 Sudden time regression into isolation
50%
M1 Stage 5 Synapse retrogenesis
50%
P1 Stage 6 A brutal bliss beyond this empty defeat
50%
O1 Stage 6 A confusion so thick you forget forgetting
50%
Q1 Stage 6 Long decline is over
50%
R1 Stage 6 Place in the world fades away
50%
B4 The loves of my entire life
50%
D5 The way ahead feels lonely
50%
A6 Things that are beautiful and transient
50%
C4 Glimpses of hope in trying times
38%
E6 Sublime beyond loss
38%
C5 Surrendering to despair
38%
F5 Aching cavern without lucidity
25%
E8 Long term dusk glimpses
25%
E5 To the minimal great hidden
25%
E7 Bewildered in each others eyes
13%
B5 Into each other's lives
13%
D2 Quiet dusk coming in early
13%
No matching quizzes found
Score Distribution
Percent of People with Each Score
Percentile by Number Answered
Your Score History
You have not taken this quiz